000 00561ng a2200229 4500
001 21573
003 MIRAKIL
005 20181226092500.0
008 170205b tu -- aa
040 _aMilas
_btur
_cTR-AnCHP
041 _atur
090 _aAFİŞ 148
245 _a"Oğlum!... Ülken seninle gurur duyacak"
260 _a[y.y.]
_c[t.y.]
_fCHP
300 _brnkl.
_c55x40 sm.
500 _aDeniz Baykal resimli afiş
600 _aBaykal, Deniz
_xAfişler
610 _aCHP
710 _aCHP
942 _2ddc
_cVIS
999 _c11228
_d11228